00335nam a2200109Ia 4500008004100000082001500041100002900056245002500085942000600110952009600116999001300212240331s9999 xx 000 0 und d a294.3bBUD aTessa, Bartholomeusz. ed 0aBuddhism and society cL 001040708LaWERCLbWERCLcSSCd2024-03-31l0o 294.3 BUDp388r2024-03-31w2024-03-31yL c916d916